000 00960nac a22003137a 4500
001 BR7705934
003 BR-BrBNA
005 20240105114154.0
008 230509b bl.|||m| |||| 00| 0 por d
040 _aBR-BrBNA
_bpor
_cBiblioteca Nacional de Agricultura
072 _aL73
090 _a5300 BR7705934
100 1 _aMenezes, L.C.
110 1 _aEmpresa de Pesquisa Agropecuaria de Minas Gerais, Belo Horizonte (Brasil)
245 1 _aA saude do rebanho em Minas Gerais
260 3 _aBelo Horizonte, MG (Brasil):
_c1977.
300 _a1 p.
490 _aPesquisando - Empresa de Pesquisa Agropecuaria de Minas Gerais (Brazil)
_vno. 7
_xISSN 0102-2164
650 _aSUINO
650 _aPESTE SUINA
650 _aPNEUMONIA ENZOOTICA
650 _aARTRITE
650 _aDOENCA DE AUJESZKY
650 _aDIARREIA
650 _aERISIPELA
650 _aMINAS GERAIS
909 _a202312
_bLúcia Elande
_c55
_dLúcia Elande
942 _2AGRIS
_n0
_cMS
999 _c267793
_d267793